Normal view
MARC view
- Bashir, Muhammad Jawad
Entry Personal Name
001 - CONTROL NUMBER
- control field: 120316
003 - CONTROL NUMBER IDENTIFIER
- control field: NUST
005 - DATE AND TIME OF LATEST TRANSACTION
- control field: 20240213103424.0
008 - FIXED-LENGTH DATA ELEMENTS
- fixed length control field: 240213|| aca||aabn | a|a d
040 ## - CATALOGING SOURCE
- Original cataloging agency: NUST
- Transcribing agency: NUST
100 ## - HEADING--PERSONAL NAME
- Personal name: Bashir, Muhammad Jawad
670 ## - SOURCE DATA FOUND
- Source citation: Work cat.: (NUST): Bashir, Muhammad Jawad, Green gram (Mongbean) crop health monitoring, leaf segmentation and disease classification using Deep Learning/
